Here Comes The Cowboy Tracklist (Mac DeMarco) - Statistics

General Stats
  • This quiz has been taken 21 times
  • The average score is 9 of 13
Answer Stats
Hint Answer % Correct
8 Heart To Heart
100%
1 Here Comes The Cowboy
87%
2 Nobody
87%
5 Preoccupied
87%
6 Choo Choo
80%
9 Hey Cowgirl
80%
13 Baby Bye Bye
67%
7 K
67%
10 On The Square
67%
4 Little Dogs March
60%
12 Skyless Moon
60%
11 All Of Our Yesterdays
53%
3 Finally Alone
47%
No matching quizzes found
Score Distribution
Percent of People with Each Score
Percentile by Number Answered
Your Score History
You have not taken this quiz